[Event "DVM U16 2023"]
[Site "Magdeburg GER"]
[Date "2023.12.27"]
[Round "1"]
[White "Mohylnyi, Stepan"]
[Black "Honisch, Alexander"]
[Result "0-1"]
[Termination "normal"]
[Board "4.1"]
[WhiteElo "2180"]
[BlackElo "2155"]
[WhiteClock "00:22:15"]
[BlackClock "00:14:31"]
[WhiteTeam "SC Noris-Tarrasch Nürnberg 1873"]
[BlackTeam "SK Bebenhausen 1992"]
[PlyCount "98"]
[WhiteFideId "34127836"]
[BlackFideId "16298594"]
[EventCountry "GER"]
[EventRounds "7"]
[EventType "team-swiss"]
[EventDate "2023.12.26"]

1. e4 {[%clk 01:30:57]} {[%emt 10:49:13]} e5 {[%clk 01:30:25]} 2. Nf3 {[%clk
01:31:26]} Nc6 {[%clk 01:30:24]} 3. Bb5 {[%clk 01:30:28]} a6 {[%clk 01:28:46]}
4. Ba4 {[%clk 01:30:52]} Nf6 {[%clk 01:28:26]} 5. O-O {[%clk 01:31:08]} b5
{[%clk 01:23:55]} 6. Bb3 {[%clk 01:31:31]} Bc5 {[%clk 01:23:54]} 7. c3 {[%clk
01:19:31]} d6 {[%clk 01:22:20]} 8. d4 {[%clk 01:07:53]} Bb6 {[%clk 01:20:46]}
9. dxe5 Nxe5 {[%clk 01:16:53]} 10. Nxe5 dxe5 {[%clk 01:15:55]} 11. Qxd8+ Kxd8
{[%clk 01:16:17]} 12. Bg5 {[%clk 00:54:40]} Ke7 {[%clk 01:13:03]} 13. Nd2
{[%clk 00:46:27]} Be6 {[%clk 01:09:03]} 14. Nf3 {[%clk 00:41:57]} Bxb3 15. axb3
{[%clk 00:41:55]} Ke6 {[%clk 01:03:44]} 16. Bxf6 Kxf6 {[%clk 00:58:55]} 17.
Rfd1 {[%clk 00:38:30]} Rhd8 {[%clk 00:55:07]} 18. Kf1 {[%clk 00:38:19]} a5
{[%clk 00:53:33]} 19. Ke2 {[%clk 00:36:28]} Ke6 {[%clk 00:48:02]} 20. Ne1
{[%clk 00:30:24]} g6 {[%clk 00:40:23]} {[%emt 00:05:50]} 21. Nc2 {[%clk
00:25:03]} {[%emt 00:05:50]} c6 {[%clk 00:36:26]} {[%emt 00:04:27]} 22. f3
{[%clk 00:19:17]} {[%emt 00:06:16]} h5 {[%clk 00:32:12]} {[%emt 00:04:45]} 23.
Ne1 {[%clk 00:16:35]} {[%emt 00:03:12]} f6 {[%clk 00:25:46]} {[%emt 00:06:56]}
24. Nd3 {[%clk 00:15:31]} {[%emt 00:01:34]} Rd7 {[%clk 00:21:18]} {[%emt
00:04:57]} 25. g3 {[%clk 00:12:10]} {[%emt 00:03:51]} Rad8 {[%clk 00:13:36]}
{[%emt 00:08:12]} 26. b4 {[%clk 00:10:36]} {[%emt 00:02:05]} a4 {[%clk
00:09:46]} {[%emt 00:04:20]} 27. f4 {[%clk 00:10:04]} {[%emt 00:01:02]} h4
{[%clk 00:09:07]} {[%emt 00:01:08]} 28. fxe5 {[%clk 00:09:19]} {[%emt
00:01:15]} hxg3 {[%clk 00:07:05]} {[%emt 00:02:33]} 29. hxg3 {[%clk 00:09:45]}
{[%emt 00:00:03]} fxe5 {[%clk 00:07:13]} {[%emt 00:00:21]} 30. Nc5+ {[%clk
00:09:20]} {[%emt 00:00:56]} Bxc5 {[%clk 00:07:38]} {[%emt 00:00:05]} 31. Rxd7
{[%clk 00:09:47]} {[%emt 00:00:03]} Rxd7 {[%clk 00:08:02]} {[%emt 00:00:06]}
32. bxc5 {[%clk 00:10:13]} {[%emt 00:00:04]} Rh7 {[%clk 00:06:21]} {[%emt
00:02:10]} 33. Rf1 {[%clk 00:09:47]} {[%emt 00:00:56]} Rh2+ {[%clk 00:06:33]}
{[%emt 00:00:18]} 34. Rf2 {[%clk 00:10:15]} {[%emt 00:00:04]} Rh1 {[%clk
00:01:35]} {[%emt 00:05:27]} 35. Kf3 {[%clk 00:09:00]} {[%emt 00:01:45]} Rd1
{[%clk 00:01:06]} {[%emt 00:00:59]} 36. Kg4 {[%clk 00:09:01]} {[%emt 00:00:29]}
Re1 {[%clk 00:01:27]} {[%emt 00:00:09]} 37. Kg5 {[%clk 00:03:49]} {[%emt
00:05:43]} Rxe4 {[%clk 00:01:34]} {[%emt 00:00:22]} 38. Rd2 {[%clk 00:04:11]}
{[%emt 00:00:07]} b4 {[%clk 00:00:57]} {[%emt 00:01:08]} 39. Rd6+ {[%clk
00:03:52]} {[%emt 00:00:50]} Ke7 {[%clk 00:00:32]} {[%emt 00:00:54]} 40. Rxc6
{[%clk 00:02:16]} {[%emt 00:02:06]} a3 {[%clk 00:00:32]} {[%emt 00:00:30]} 41.
bxa3 {[%clk 00:01:01]} {[%emt 00:01:45]} bxc3 {[%clk 00:00:34]} {[%emt
00:00:28]} 42. Rc7+ {[%clk 00:30:21]} {[%emt 00:01:10]} Ke6 {[%clk 00:27:12]}
{[%emt 00:03:51]} 43. Rh7 {[%clk 00:30:37]} {[%emt 00:00:15]} c2 {[%clk
00:27:06]} {[%emt 00:00:36]} 44. Rh1 {[%clk 00:30:51]} {[%emt 00:00:16]} Rc4
{[%clk 00:27:11]} {[%emt 00:00:24]} 45. Rc1 {[%clk 00:31:02]} {[%emt 00:00:20]}
Rxc5 {[%clk 00:16:09]} {[%emt 00:11:33]} 46. a4 {[%clk 00:23:19]} {[%emt
00:08:13]} Kd5 {[%clk 00:14:39]} {[%emt 00:01:59]} 47. a5 {[%clk 00:22:14]}
{[%emt 00:01:35]} Kd4 {[%clk 00:14:40]} {[%emt 00:00:28]} 48. a6 {[%clk
00:22:09]} {[%emt 00:00:36]} Kd3 {[%clk 00:14:50]} {[%emt 00:00:20]} 49. Kxg6
{[%clk 00:22:15]} {[%emt 00:00:24]} e4 {[%clk 00:14:31]} {[%emt 00:00:49]} 0-1

[Event "DVM U16 2023"]
[Site "Magdeburg GER"]
[Date "2023.12.27"]
[Round "1"]
[White "Kauth, Lukas"]
[Black "Deschler, Arne"]
[Result "0-1"]
[Termination "normal"]
[Board "4.2"]
[WhiteElo "1696"]
[BlackElo "1953"]
[WhiteClock "00:17:10"]
[BlackClock "00:21:38"]
[WhiteTeam "SK Bebenhausen 1992"]
[BlackTeam "SC Noris-Tarrasch Nürnberg 1873"]
[PlyCount "122"]
[WhiteFideId "16272994"]
[BlackFideId "16274415"]
[EventCountry "GER"]
[EventRounds "7"]
[EventType "team-swiss"]
[EventDate "2023.12.26"]

1. e4 {[%clk 01:30:47]} {[%emt 09:58:10]} c6 {[%clk 01:30:58]} 2. d4 {[%clk
01:31:09]} d5 {[%clk 01:31:24]} 3. e5 {[%clk 01:31:34]} Bf5 {[%clk 01:31:49]}
4. Nd2 {[%clk 01:31:58]} e6 {[%clk 01:31:17]} 5. Nb3 {[%clk 01:32:20]} c5 6.
dxc5 {[%clk 01:32:25]} Bxc5 7. Nxc5 {[%clk 01:32:47]} Qa5+ {[%clk 01:24:14]} 8.
c3 {[%clk 01:33:10]} Qxc5 {[%clk 01:24:37]} 9. Be3 {[%clk 01:33:34]} Qc7 {[%clk
01:24:23]} 10. f4 {[%clk 01:33:58]} Ne7 {[%clk 01:23:38]} 11. Nf3 {[%clk
01:33:20]} Nbc6 {[%clk 01:23:19]} 12. Be2 {[%clk 01:31:29]} O-O {[%clk
01:22:44]} 13. O-O {[%clk 01:31:51]} Rac8 {[%clk 01:16:06]} 14. Rc1 {[%clk
01:22:35]} Bg6 {[%clk 01:07:32]} 15. Bc5 {[%clk 00:56:51]} Nxe5 {[%clk
00:57:58]} 16. Bxe7 {[%clk 00:52:20]} Nxf3+ 17. Rxf3 {[%clk 00:51:31]} Qxe7
{[%clk 00:58:47]} 18. Bd3 {[%clk 00:51:32]} Bxd3 19. Qxd3 {[%clk 00:51:44]} f5
{[%clk 00:47:34]} 20. Re3 {[%clk 00:51:16]} Qd6 {[%clk 00:43:44]} 21. Rce1
{[%clk 00:45:33]} Rf6 {[%clk 00:41:51]} 22. Qe2 {[%clk 00:42:55]} Rc6 {[%clk
00:33:56]} {[%emt 00:01:42]} 23. g3 {[%clk 00:40:51]} {[%emt 00:02:35]} Qc5
{[%clk 00:31:38]} {[%emt 00:02:47]} 24. Kg2 {[%clk 00:34:16]} {[%emt 00:07:04]}
Qc4 {[%clk 00:28:54]} {[%emt 00:03:15]} 25. Qxc4 {[%clk 00:32:46]} {[%emt
00:01:59]} dxc4 {[%clk 00:27:30]} {[%emt 00:01:55]} 26. Rd1 {[%clk 00:32:47]}
{[%emt 00:00:28]} Kf8 {[%clk 00:26:55]} {[%emt 00:01:06]} 27. Re2 {[%clk
00:30:15]} {[%emt 00:03:02]} Rf7 {[%clk 00:25:07]} {[%emt 00:02:18]} 28. Red2
{[%clk 00:30:01]} {[%emt 00:00:45]} Rfc7 {[%clk 00:24:40]} {[%emt 00:00:57]}
29. Rd8+ {[%clk 00:29:37]} {[%emt 00:00:54]} Ke7 {[%clk 00:24:22]} {[%emt
00:00:46]} 30. Rg8 {[%clk 00:29:26]} {[%emt 00:00:42]} Kf7 {[%clk 00:24:17]}
{[%emt 00:00:36]} 31. Rgd8 {[%clk 00:29:49]} {[%emt 00:00:07]} h6 {[%clk
00:23:17]} {[%emt 00:01:30]} 32. R1d7+ {[%clk 00:27:20]} {[%emt 00:02:59]} Kf6
{[%clk 00:23:14]} {[%emt 00:00:29]} 33. a4 {[%clk 00:23:18]} {[%emt 00:04:35]}
Rxd7 {[%clk 00:21:45]} {[%emt 00:01:58]} 34. Rxd7 {[%clk 00:23:41]} {[%emt
00:00:08]} Rb6 {[%clk 00:22:05]} {[%emt 00:00:11]} 35. Rc7 {[%clk 00:18:54]}
{[%emt 00:05:17]} Rxb2+ {[%clk 00:22:29]} {[%emt 00:00:06]} 36. Kh3 {[%clk
00:18:42]} {[%emt 00:00:42]} g5 {[%clk 00:22:51]} {[%emt 00:00:08]} 37. fxg5+
{[%clk 00:18:22]} {[%emt 00:00:51]} hxg5 {[%clk 00:22:09]} {[%emt 00:01:11]}
38. g4 {[%clk 00:18:18]} {[%emt 00:00:34]} f4 {[%clk 00:18:09]} {[%emt
00:04:30]} 39. Rxc4 {[%clk 00:17:07]} {[%emt 00:01:41]} e5 {[%clk 00:18:00]}
{[%emt 00:00:38]} 40. a5 {[%clk 00:16:58]} {[%emt 00:00:38]} a6 {[%clk
00:17:46]} {[%emt 00:00:45]} 41. Re4 {[%clk 00:15:28]} {[%emt 00:01:59]} Ke6
{[%clk 00:17:14]} {[%emt 00:01:03]} 42. c4 {[%clk 00:15:30]} {[%emt 00:00:28]}
Ra2 {[%clk 00:17:25]} {[%emt 00:00:17]} 43. c5 {[%clk 00:14:31]} {[%emt
00:01:30]} Rxa5 {[%clk 00:17:32]} {[%emt 00:00:24]} 44. Rb4 {[%clk 00:14:54]}
{[%emt 00:00:06]} Rb5 {[%clk 00:17:57]} {[%emt 00:00:05]} 45. Rc4 {[%clk
00:15:10]} {[%emt 00:00:15]} Kd5 {[%clk 00:18:25]} {[%emt 00:00:02]} 46. Rc2
{[%clk 00:15:33]} {[%emt 00:00:07]} Rxc5 {[%clk 00:18:49]} {[%emt 00:00:07]}
47. Rb2 {[%clk 00:15:59]} {[%emt 00:00:04]} b5 {[%clk 00:19:04]} {[%emt
00:00:14]} 48. Rd2+ {[%clk 00:16:23]} {[%emt 00:00:06]} Ke4 {[%clk 00:19:04]}
{[%emt 00:00:27]} 49. Re2+ {[%clk 00:16:45]} {[%emt 00:00:10]} Kd3 {[%clk
00:18:24]} {[%emt 00:01:08]} 50. Rf2 {[%clk 00:17:10]} {[%emt 00:00:08]} e4
{[%clk 00:18:42]} {[%emt 00:00:13]} 51. Rf3+ {[%clk 00:17:37]} {[%emt
00:00:03]} e3 {[%clk 00:19:10]} {[%emt 00:00:02]} 52. Rf1 {[%clk 00:17:08]}
{[%emt 00:00:59]} e2 {[%clk 00:19:16]} {[%emt 00:00:24]} 53. Ra1 {[%clk
00:17:28]} {[%emt 00:00:11]} b4 {[%clk 00:19:24]} {[%emt 00:00:21]} 54. Rb1
{[%clk 00:16:41]} {[%emt 00:01:17]} a5 {[%clk 00:19:41]} {[%emt 00:00:13]} 55.
Ra1 {[%clk 00:16:52]} {[%emt 00:00:19]} Ke3 {[%clk 00:19:59]} {[%emt 00:00:08]}
56. Rb1 {[%clk 00:15:51]} {[%emt 00:01:36]} Rc3 {[%clk 00:20:21]} {[%emt
00:00:06]} 57. Rg1 {[%clk 00:15:49]} {[%emt 00:00:32]} Kf2+ {[%clk 00:20:42]}
{[%emt 00:00:08]} 58. Rg3 {[%clk 00:16:17]} {[%emt 00:00:04]} fxg3 {[%clk
00:20:59]} {[%emt 00:00:13]} 59. hxg3 {[%clk 00:16:38]} {[%emt 00:00:09]} Rxg3+
{[%clk 00:21:19]} {[%emt 00:00:10]} 60. Kh2 {[%clk 00:17:04]} {[%emt 00:00:05]}
a4 {[%clk 00:21:38]} {[%emt 00:00:11]} 61. Kh1 {[%clk 00:17:10]} {[%emt
00:00:23]} Rh3+ {[%emt 00:00:07]} 0-1

[Event "DVM U16 2023"]
[Site "Magdeburg GER"]
[Date "2023.12.27"]
[Round "1"]
[White "Danninger, Hugo Kian"]
[Black "Andrei, Quentin"]
[Result "1-0"]
[Termination "normal"]
[Board "4.3"]
[WhiteElo "1787"]
[BlackElo "1550"]
[WhiteClock "00:57:09"]
[BlackClock "00:33:16"]
[WhiteTeam "SC Noris-Tarrasch Nürnberg 1873"]
[BlackTeam "SK Bebenhausen 1992"]
[PlyCount "103"]
[WhiteFideId "16271246"]
[BlackFideId "16255712"]
[EventCountry "GER"]
[EventRounds "7"]
[EventType "team-swiss"]
[EventDate "2023.12.26"]

1. e4 {[%clk 01:30:56]} {[%emt 10:49:05]} c5 {[%clk 01:30:55]} 2. Nf3 {[%clk
01:31:15]} d6 {[%clk 01:31:20]} 3. d4 {[%clk 01:31:37]} cxd4 {[%clk 01:31:49]}
4. Nxd4 {[%clk 01:32:03]} Nf6 {[%clk 01:32:10]} 5. Nc3 {[%clk 01:32:02]} a6
{[%clk 01:32:33]} 6. Be2 {[%clk 01:30:08]} e5 {[%clk 01:32:58]} 7. Nb3 {[%clk
01:30:16]} Be7 {[%clk 01:33:13]} 8. Be3 {[%clk 01:29:38]} Be6 {[%clk 01:33:14]}
9. Qd2 {[%clk 01:25:32]} Nbd7 {[%clk 01:33:12]} 10. O-O-O {[%clk 01:25:05]} Rc8
{[%clk 01:31:11]} 11. f3 {[%clk 01:21:21]} b5 {[%clk 01:27:06]} 12. g4 {[%clk
01:13:24]} O-O {[%clk 01:27:11]} 13. g5 {[%clk 01:07:37]} Nh5 {[%clk 01:26:57]}
14. Nd5 Bxd5 {[%clk 01:25:44]} 15. exd5 {[%clk 00:59:39]} Nb6 {[%clk 01:22:05]}
16. Rhg1 {[%clk 00:57:13]} Nc4 {[%clk 01:11:20]} 17. Bxc4 {[%clk 00:57:35]}
bxc4 {[%clk 01:11:49]} 18. Na1 {[%clk 00:57:55]} c3 19. bxc3 {[%clk 00:58:19]}
Qa5 {[%clk 01:10:06]} 20. Kb2 {[%clk 00:57:44]} Rc4 {[%clk 00:35:02]} 21. Nb3
{[%clk 00:47:26]} Qb5 {[%clk 00:35:22]} 22. Rg4 {[%clk 00:46:52]} Nf4 {[%clk
00:24:32]} {[%emt 00:07:10]} 23. Bxf4 {[%clk 00:41:28]} {[%emt 00:05:54]} exf4
{[%clk 00:25:02]} 24. Qe2 {[%clk 00:39:36]} {[%emt 00:02:21]} Rc7 {[%clk
00:14:39]} {[%emt 00:10:54]} 25. Qxb5 {[%clk 00:39:49]} {[%emt 00:00:17]} axb5
{[%emt 00:00:02]} 26. Nd4 {[%clk 00:38:50]} {[%emt 00:01:27]} Rb7 {[%clk
00:10:19]} {[%emt 00:05:20]} 27. h4 {[%clk 00:31:15]} {[%emt 00:08:05]} b4
{[%clk 00:08:36]} {[%emt 00:02:13]} 28. Rxf4 {[%clk 00:31:00]} {[%emt
00:00:45]} bxc3+ {[%clk 00:08:12]} {[%emt 00:00:54]} 29. Kxc3 {[%clk 00:31:22]}
{[%emt 00:00:08]} f6 {[%clk 00:08:37]} {[%emt 00:00:06]} 30. Re1 {[%clk
00:29:27]} {[%emt 00:02:23]} fxg5 {[%clk 00:07:38]} {[%emt 00:01:30]} 31. Rxf8+
{[%clk 00:29:50]} {[%emt 00:00:06]} Bxf8 {[%clk 00:05:45]} {[%emt 00:02:24]}
32. hxg5 {[%clk 00:30:12]} {[%emt 00:00:08]} Ra7 {[%clk 00:05:19]} {[%emt
00:00:55]} 33. Ra1 {[%clk 00:28:38]} {[%emt 00:02:03]} Be7 {[%clk 00:04:34]}
{[%emt 00:01:17]} 34. f4 {[%clk 00:26:48]} {[%emt 00:02:20]} Ra5 {[%clk
00:02:29]} {[%emt 00:02:34]} 35. Nc6 {[%clk 00:25:39]} {[%emt 00:01:38]} Rc5+
{[%clk 00:02:58]} {[%emt 00:00:01]} 36. Kd4 {[%clk 00:24:11]} {[%emt 00:01:59]}
Kf7 {[%clk 00:03:27]} 37. c4 {[%clk 00:24:04]} {[%emt 00:00:37]} h6 {[%clk
00:03:40]} {[%emt 00:00:18]} 38. Re1 {[%clk 00:23:17]} {[%emt 00:01:16]} Bf8
{[%clk 00:03:27]} {[%emt 00:00:43]} 39. a4 {[%clk 00:23:02]} {[%emt 00:00:44]}
g6 {[%clk 00:02:20]} {[%emt 00:01:38]} 40. a5 {[%clk 00:23:13]} {[%emt
00:00:19]} Bg7+ {[%clk 00:02:15]} {[%emt 00:00:35]} 41. Kd3 {[%clk 00:23:31]}
{[%emt 00:00:11]} Rxa5 {[%clk 00:29:38]} {[%emt 00:03:08]} 42. Nxa5 {[%clk
00:53:55]} {[%emt 00:00:06]} hxg5 {[%clk 00:30:03]} {[%emt 00:00:06]} 43. fxg5
{[%clk 00:54:17]} {[%emt 00:00:07]} Be5 {[%clk 00:30:27]} {[%emt 00:00:06]} 44.
c5 {[%clk 00:54:35]} {[%emt 00:00:12]} Ke7 {[%clk 00:30:35]} {[%emt 00:00:21]}
45. Nc6+ {[%clk 00:54:47]} {[%emt 00:00:18]} Kd7 {[%clk 00:30:53]} {[%emt
00:00:12]} 46. Nxe5+ {[%clk 00:55:12]} {[%emt 00:00:05]} dxe5 {[%clk 00:31:15]}
{[%emt 00:00:08]} 47. Rxe5 {[%clk 00:55:36]} {[%emt 00:00:06]} Kc7 {[%clk
00:31:39]} {[%emt 00:00:06]} 48. Re7+ {[%clk 00:55:58]} {[%emt 00:00:07]} Kd8
{[%clk 00:32:03]} {[%emt 00:00:05]} 49. d6 {[%clk 00:56:22]} {[%emt 00:00:06]}
Kc8 {[%clk 00:32:26]} {[%emt 00:00:07]} 50. c6 {[%clk 00:56:45]} {[%emt
00:00:07]} Kd8 {[%clk 00:32:53]} {[%emt 00:00:03]} 51. Re6 {[%clk 00:57:09]}
{[%emt 00:00:07]} Kc8 {[%clk 00:33:16]} {[%emt 00:00:06]} 52. Re8# {[%emt
00:00:05]} 1-0

[Event "DVM U16 2023"]
[Site "Magdeburg GER"]
[Date "2023.12.27"]
[Round "1"]
[White "Geray, Idar"]
[Black "Ronsin, Corentin"]
[Result "0-1"]
[Termination "normal"]
[Board "4.4"]
[WhiteElo "1456"]
[BlackElo "1642"]
[WhiteClock "01:17:15"]
[BlackClock "01:06:34"]
[WhiteTeam "SK Bebenhausen 1992"]
[BlackTeam "SC Noris-Tarrasch Nürnberg 1873"]
[PlyCount "21"]
[WhiteFideId "34615059"]
[BlackFideId "34641742"]
[EventCountry "GER"]
[EventRounds "7"]
[EventType "team-swiss"]
[EventDate "2023.12.26"]

1. d4 d5 2. Nf3 Nf6 3. e3 e6 4. Nbd2 c5 5. c3 Nc6 6. Bd3 Bd6 7. dxc5 Bxc5 8.
O-O O-O 9. Qe2 e5 10. e4 Re8 11. Nb3 dxe4 12. Bxe4 Nxe4 13. Qxe4 Bf8 14. Be3
Qc7 15. Ng5 g6 16. Qh4 f5 17. Qc4+ Kg7 18. f4 h6 19. Nf3 Be6 20. Qa4 Bd6 21.
fxe5 Nxe5 22. Nxe5 Bxe5 23. Bd4 Kh7 24. Bxe5 Qxe5 25. Rfe1 Bxb3 26. Qd7+ Qg7
27. Qxg7+ Kxg7 28. axb3 a6 29. Rad1 Rad8 30. Rxd8 Rxe1+ 31. Kf2 Re7 32. Rd3 Kf6
33. Rd6+ Re6 34. Rxe6+ Kxe6 35. Ke3 Ke5 36. g3 (36. h4 a5 37. Kd3 g5 38. Ke3
Kd5) 36... a5 37. Kd3 g5 38. Ke3 Kd5 39. h4 f4+ 40. gxf4 gxh4 41. Kf3 h5 42.
Kg2 Ke4 43. Kh3 Kxf4 44. Kxh4 Ke3 45. Kxh5 Kd2 46. b4 axb4 47. cxb4 b5 48. Kg5
Kc2 49. Kf4 Kxb2 50. Ke3 Kc3 51. Ke2 Kxb4 52. Kd1 Ka3 53. Kc2 b4 54. Kb1 Kb3
0-1

[Event "DVM U16 2023"]
[Site "Magdeburg GER"]
[Date "2023.12.27"]
[Round "1"]
[White "Winkler, Yonathan"]
[Black "Fuhrmann, Bahne"]
[Result "1/2-1/2"]
[Termination "normal"]
[Board "5.1"]
[WhiteElo "1972"]
[BlackElo "2032"]
[WhiteClock "00:24:05"]
[BlackClock "00:07:30"]
[WhiteTeam "Bielefelder SK 1883"]
[BlackTeam "Hamburger SK 1830"]
[PlyCount "63"]
[WhiteFideId "16266080"]
[BlackFideId "16244842"]
[EventCountry "GER"]
[EventRounds "7"]
[EventType "team-swiss"]
[EventDate "2023.12.26"]

1. e4 {[%clk 01:30:56]} {[%emt 10:48:37]} e5 {[%clk 01:30:58]} 2. Nf3 {[%clk
01:31:18]} Nc6 {[%clk 01:31:26]} 3. Bb5 {[%clk 01:31:38]} a6 {[%clk 01:31:53]}
4. Ba4 {[%clk 01:32:00]} Nf6 {[%clk 01:32:19]} 5. d3 {[%clk 01:32:22]} Bc5
{[%clk 01:32:40]} 6. Nc3 {[%clk 01:29:45]} b5 {[%clk 01:31:45]} 7. Bb3 {[%clk
01:30:07]} h6 {[%clk 01:23:29]} 8. Nd5 {[%clk 01:29:44]} d6 {[%clk 01:22:28]}
9. c3 {[%clk 01:29:57]} Ba7 {[%clk 01:13:04]} 10. Nxf6+ Qxf6 {[%clk 01:12:34]}
11. Bd5 {[%clk 01:23:45]} Bb7 {[%clk 01:08:53]} 12. h3 {[%clk 01:18:03]} Na5
{[%clk 01:07:52]} 13. a4 {[%clk 01:10:40]} Bxd5 14. exd5 {[%clk 01:10:47]} Nb7
{[%clk 01:01:09]} 15. axb5 {[%clk 01:09:45]} a5 {[%clk 00:53:11]} 16. b4 {[%clk
01:08:17]} e4 17. dxe4 {[%clk 01:05:51]} Qxc3+ {[%clk 00:48:43]} 18. Bd2 {[%clk
01:06:15]} Qf6 {[%clk 00:42:37]} 19. O-O {[%clk 00:59:35]} O-O {[%clk
00:41:34]} 20. Qc2 {[%clk 00:56:27]} axb4 {[%clk 00:40:56]} 21. e5 dxe5 {[%clk
00:40:53]} 22. Bxb4 {[%clk 00:51:33]} Rfc8 {[%clk 00:28:16]} {[%emt 00:00:03]}
23. Qc6 {[%clk 00:50:51]} Qxc6 {[%clk 00:14:58]} {[%emt 00:13:45]} 24. bxc6
{[%clk 00:46:18]} {[%emt 00:05:03]} Nd6 {[%clk 00:14:21]} {[%emt 00:01:08]} 25.
Nxe5 {[%clk 00:46:05]} {[%emt 00:00:42]} Ne4 {[%clk 00:11:17]} {[%emt
00:03:35]} 26. Nd3 {[%clk 00:40:08]} {[%emt 00:06:27]} Rd8 {[%clk 00:07:55]}
{[%emt 00:03:51]} 27. Ra5 {[%clk 00:40:05]} {[%emt 00:00:33]} Bb6 {[%clk
00:08:02]} {[%emt 00:00:24]} 28. Rxa8 {[%clk 00:35:17]} {[%emt 00:05:18]} Rxa8
{[%clk 00:08:31]} {[%emt 00:00:02]} 29. Rc1 {[%clk 00:26:44]} {[%emt 00:09:01]}
Rd8 {[%clk 00:07:50]} {[%emt 00:01:11]} 30. Nc5 {[%clk 00:27:01]} {[%emt
00:00:14]} Bxc5 {[%clk 00:07:05]} {[%emt 00:01:15]} 31. Bxc5 {[%clk 00:26:28]}
{[%emt 00:01:03]} Rxd5 {[%clk 00:07:30]} {[%emt 00:00:05]} 32. Be3 {[%clk
00:24:05]} {[%emt 00:02:52]} 1/2-1/2

[Event "DVM U16 2023"]
[Site "Magdeburg GER"]
[Date "2023.12.27"]
[Round "1"]
[White "Krüger, Arthur"]
[Black "Weeke, Tom"]
[Result "1-0"]
[Termination "normal"]
[Board "5.2"]
[WhiteElo "1886"]
[BlackElo "1330"]
[WhiteTeam "Hamburger SK 1830"]
[BlackTeam "Bielefelder SK 1883"]
[PlyCount "93"]
[WhiteFideId "16244966"]
[BlackFideId "34607080"]
[EventCountry "GER"]
[EventRounds "7"]
[EventType "team-swiss"]
[EventDate "2023.12.26"]

1. d4 d5 2. Bf4 Nf6 3. e3 c5 4. c3 Nc6 5. Nd2 e6 6. Ngf3 Nh5 7. Bg5 f6 8. Bh4
cxd4 9. Nxd4 Nxd4 10. cxd4 g6 11. Be2 Ng7 12. Bb5+ Kf7 13. Bd3 Be7 14. f3 Qb6
15. O-O Qxb2 16. Nb3 Qa3 17. e4 g5 18. Bf2 dxe4 19. fxe4 Rd8 20. h4 h6 21. hxg5
hxg5 22. Be3 Kg8 23. Qd2 Qa4 24. Rac1 Qe8 25. e5 f5 26. Bxg5 Bxg5 27. Qxg5 Rd7
28. Bb5 Qh5 29. Qxh5 Nxh5 30. Bxd7 Bxd7 31. Rc7 Bc6 32. Nc5 Ng3 33. Rf2 Ne4 34.
Rf3 Nxc5 35. Rg3+ Kf8 36. dxc5 Rd8 37. Rgg7 Rd5 38. Rh7 Kg8 39. Rhe7 Kf8 40.
Rxe6 Rxc5 41. Rf6+ Ke8 42. Rxf5 Rc1+ 43. Kh2 Rc2 44. Rg5 Kd8 45. Rh7 Bd7 46.
Rg8+ Kc7 47. e6 1-0

[Event "DVM U16 2023"]
[Site "Magdeburg GER"]
[Date "2023.12.27"]
[Round "1"]
[White "Borghini, Antoine"]
[Black "Tietz, Bennit"]
[Result "1-0"]
[Termination "normal"]
[Board "5.3"]
[WhiteElo "1709"]
[BlackElo "1793"]
[WhiteClock "00:42:20"]
[BlackClock "00:03:23"]
[WhiteTeam "Bielefelder SK 1883"]
[BlackTeam "Hamburger SK 1830"]
[PlyCount "55"]
[WhiteFideId "34616144"]
[BlackFideId "16286936"]
[EventCountry "GER"]
[EventRounds "7"]
[EventType "team-swiss"]
[EventDate "2023.12.26"]

1. e4 {[%clk 01:30:53]} {[%emt 10:48:01]} e5 {[%clk 01:30:54]} 2. Nc3 {[%clk
01:31:16]} Nc6 {[%clk 01:30:58]} 3. Bc4 {[%clk 01:31:39]} Bc5 {[%clk 01:31:13]}
4. Qg4 {[%clk 01:32:02]} d5 {[%clk 01:22:42]} 5. Qxg7 Qf6 6. Qxf6 {[%clk
01:29:36]} Nxf6 {[%clk 01:19:47]} 7. exd5 {[%clk 01:23:41]} Nb4 {[%clk
01:17:21]} 8. Bb3 {[%clk 01:21:51]} Bf5 {[%clk 01:13:07]} 9. d3 {[%clk
01:18:14]} Bxd3 {[%clk 01:07:33]} 10. cxd3 {[%clk 01:15:30]} Nxd3+ {[%clk
01:06:42]} 11. Ke2 {[%clk 01:15:01]} Nxf2 {[%clk 01:06:21]} 12. Nh3 {[%clk
01:14:51]} Nxh1 {[%clk 01:05:09]} 13. Bg5 {[%clk 01:14:41]} Ng4 {[%clk
00:52:11]} 14. Rxh1 {[%clk 01:13:58]} f6 {[%clk 00:52:02]} 15. Bh4 {[%clk
01:13:02]} O-O-O {[%clk 00:48:37]} 16. Ne4 {[%clk 01:08:24]} Be7 17. Nhf2 Nxf2
{[%clk 00:45:44]} 18. Kxf2 {[%clk 01:06:11]} Rdf8 {[%clk 00:28:54]} 19. Ke2
{[%clk 01:04:35]} h5 {[%clk 00:17:04]} 20. Rf1 {[%clk 01:03:23]} Rh6 {[%clk
00:16:29]} 21. Rf5 {[%clk 01:01:53]} {[%emt 00:00:02]} Rg6 {[%clk 00:09:00]}
{[%emt 00:06:41]} 22. g3 {[%clk 01:02:17]} {[%emt 00:00:07]} Rg4 {[%clk
00:08:27]} {[%emt 00:01:03]} 23. Ke3 {[%clk 01:00:43]} {[%emt 00:02:03]} Bd8
{[%clk 00:05:51]} {[%emt 00:03:07]} 24. Bg5 {[%clk 00:54:31]} {[%emt 00:06:41]}
Be7 {[%clk 00:04:14]} {[%emt 00:02:07]} 25. Bh4 {[%clk 00:52:50]} {[%emt
00:02:11]} Bd8 {[%clk 00:04:43]} {[%emt 00:00:01]} 26. Bd1 {[%clk 00:45:53]}
{[%emt 00:07:26]} Rg7 {[%clk 00:03:09]} {[%emt 00:02:05]} 27. Bxh5 {[%clk
00:43:29]} {[%emt 00:02:54]} c6 {[%clk 00:03:23]} {[%emt 00:00:18]} 28. d6
{[%clk 00:42:20]} {[%emt 00:01:38]} 1-0

[Event "DVM U16 2023"]
[Site "Magdeburg GER"]
[Date "2023.12.27"]
[Round "1"]
[White "Malchereck, Zion"]
[Black "Borgstädt, Leif Jona"]
[Result "1-0"]
[Termination "normal"]
[Board "5.4"]
[WhiteElo "1792"]
[BlackElo "1442"]
[WhiteTeam "Hamburger SK 1830"]
[BlackTeam "Bielefelder SK 1883"]
[PlyCount "65"]
[WhiteFideId "16269233"]
[BlackFideId "16266153"]
[EventCountry "GER"]
[EventRounds "7"]
[EventType "team-swiss"]
[EventDate "2023.12.26"]

1. e4 e5 2. Nf3 Nf6 3. Nxe5 d6 4. Nf3 Nxe4 5. d4 d5 6. Bd3 Bf5 7. O-O Bd6 8. c4
c6 9. Re1 O-O 10. Qc2 Bb4 11. Nc3 Re8 12. Bf4 Nd7 13. a3 Bxc3 14. bxc3 Ndf6 15.
c5 Bg6 16. h3 Nd7 17. Ne5 Nxe5 18. Bxe5 b6 19. f3 Nf6 20. Bxg6 hxg6 21. cxb6
axb6 22. Qb3 Re6 23. Kf2 Nd7 24. Bg3 Qe7 25. Rxe6 fxe6 26. a4 b5 27. a5 Nb6 28.
Qb4 Kf7 29. Qxe7+ Kxe7 30. axb6 Rxa1 31. b7 Rc1 32. b8=Q Rxc3 33. Bd6+ 1-0